000 00950nam a2200277 a 4500
001 38544
003 BD-RjUL
005 20211209052820.0
008 731001s1966 ne a b 000 0 eng
035 _a(BD-RjUL)38649
040 _aDLC
_cDLC
_dDLC
_dBD-RjUL
_beng
041 _aeng
082 0 0 _a914.6032
_223
_bIMS 1965
100 1 _aImamuddin, S. M.
_9118971
245 1 0 _aSome aspects of the socio-economic and cultural history of Muslim Spain 711-1492 A.D. /
_c[by] S. M. Imamuddin.
260 _aLeiden,
_bE. J. Brill,
_c1965 [1966]
300 _a238 p. :
_bill. ;
_c24 cm.
500 _aRev. and enl. ed. published as: Muslim Spain 711-1492 A.D. 1981.
504 _aBibliography: p. [207]-214.
650 0 _aIslamic civilization.
_9118973
651 0 _aSpain
_xHistory
_y711-1516.
_9118974
942 _2ddc
_cBK
_01
999 _c38544
_d38544